Exploring Corporate Strategy (Record no. 1531)

MARC details
000 -LEADER
fixed length control field 00402nam a22001577a 4500
005 - DATE AND TIME OF LATEST TRANSACTION
control field 20160524115129.0
008 - FIXED-LENGTH DATA ELEMENTS--GENERAL INFORMATION
fixed length control field 160524b xxu||||| |||| 00| 0 eng d
041 ## - LANGUAGE CODE
Language code of text/sound track or separate title eng
082 ## - DEWEY DECIMAL CLASSIFICATION NUMBER
Item number 4568
100 ## - MAIN ENTRY--AUTHOR NAME
Personal name Johnson, Gerry & Scholar, Koveri
245 ## - TITLE STATEMENT
Title Exploring Corporate Strategy
260 ## - PUBLICATION, DISTRIBUTION, ETC. (IMPRINT)
Place of publication New Delhi
Name of publisher Academic Faundation
Year of publication 2009
300 ## - PHYSICAL DESCRIPTION
Number of Pages 1006
650 ## - SUBJECT ADDED ENTRY--TOPICAL TERM
Topical Term Management
942 ## - ADDED ENTRY ELEMENTS (KOHA)
Koha item type Books
Holdings
Lost status Damaged status Collection code Home library Current library Shelving location Date acquired Cost, normal purchase price Full call number Accession Number Koha item type
    Reference JRU Library   SHELF-30-F 24/05/2016 575.00 4568 4568 Books